Coniugazione - Uscire - Statistics

Statistiche generali
  • Questo quiz è stato fatto 7 volte
  • Il punteggio medio è 39 su 47
Statistiche sulle risposte
Tempo Coniugazione % Corretto
Lui o Lei Esce
100%
Tu Esci
100%
Io Esco
100%
Loro Escono
100%
Lui o Lei Uscì
100%
Noi Usciamo
100%
Io Uscii
100%
Noi Uscimmo
100%
Lui o Lei Uscirà
100%
Tu Uscirai
100%
Loro Usciranno
100%
Noi Usciremo
100%
Voi Uscirete
100%
Io Uscirò
100%
Loro Uscirono
100%
Voi Usciste
100%
Tu Uscisti
100%
Voi Uscite
100%
Lui o Lei Usciva
100%
Noi Uscivamo
100%
Loro Uscivano
100%
Voi Uscivate
100%
Tu Uscivi
100%
Io Uscivo
100%
(lui o lei) Esca
80%
(loro) Escano
80%
(tu) Esci
80%
Presente Uscendo
80%
(noi) Usciamo
80%
(voi) Uscite
80%
che io o tu o lui o lei. Esca
60%
che loro Escano
60%
Presente Uscente
60%
che noi Usciamo
60%
che voi Usciate
60%
Lui o Lei Uscirebbe
60%
Loro Uscirebbero
60%
Io Uscirei
60%
Noi Usciremmo
60%
Voi Uscireste
60%
Tu Usciresti
60%
che lui o lei Uscisse
60%
che loro Uscissero
60%
che io o tu Uscissi
60%
che noi Uscissimo
60%
che voi Usciste
60%
Passato Uscito
60%
Nessun quiz corrispondente trovato
Distribuzione punteggi
Percentuale di utenti per punteggio
Percentile per numero di risposta
I tuoi punteggi nel tempo
Non hai fatto questo quiz